| 000 | 01198cam a2200253 a 4500 | ||
|---|---|---|---|
| 001 | 000003393 | ||
| 005 | 20200929150428.0 | ||
| 008 | 960129s1993 sp rb 101 0 spa | ||
| 020 | _a8478201467 | ||
| 040 |
_aDO-SdBNP _bspa _cBNPHU |
||
| 082 | _a860.994655 | ||
| 111 | 2 |
_aCurso sobre Lengua y Literatura en Aragón _n(2nd : _d1991, _cUniversidad de Zaragoza) _910569 |
|
| 245 | 1 | 3 |
_aII Curso sobre Lengua y Literatura en Aragón : _b(siglos de oro) / _ccurso dirigido por Aurora Egido y Tomás Buesa ; edición de las actas, Jose Ma. Enguita. |
| 260 |
_aZaragoza : _bInstitución Fernando el Católico, _c1993. |
||
| 300 |
_a[281] p. ; _c24 cm. |
||
| 500 | _a"Celebrado del 4 al 6 de febrero de 1991, en el Aula Magna de la Facultad de Filosofía y Letras de la Universidad de Zaragoza"--P. [1]. | ||
| 650 | 4 |
_aLiteratura española _xHistoria y crítica _y1500-1700 _910570 |
|
| 650 | 4 |
_aEspañol _yPERÍODO CLÁSICO, 1500-1700 _xCongreso _910571 |
|
| 650 | 4 |
_aEspañol _zEspaña _zAragón _xCongreso _910572 |
|
| 700 | 1 |
_aEgido, Aurora. _910573 |
|
| 700 | 1 |
_aBuesa Oliver, Tomas. _910574 |
|
| 700 | 1 |
_aEnguita Utrilla, Jose Ma. _q(Jose María), _eed. _910575 |
|
| 910 | _aValidado. control de calidad. MFF | ||
| 999 |
_c3223 _d3223 |
||